[Event "IECG CP.2002.P.00046 email"]
[Site "IECG email"]
[Date "2002.10.01"]
[Round "?"]
[White "Coulombier, Stephane"]
[Black "De los Reyes, Juan Manuel"]
[Result "1/2-1/2"]
[WhiteElo "2250"]
[BlackElo "800"]
[PlyCount "99"]
[EventDate "2002.10.01"]
[EventType "tourn (corr)"]
[EventRounds "6"]
[EventCountry "MEX"]
[SourceTitle "Corr 2008"]
[Source "ChessBase"]
[SourceDate "2008.06.24"]
[SourceVersion "1"]
[SourceVersionDate "2008.06.24"]
[SourceQuality "1"]

1. d4 d5 2. c4 dxc4 3. Nf3 Bf5 4. Nc3 Nf6 5. e3 e6 6. Bxc4 Bd6 7. Qb3 Qc8 8. Nh4 0-0 9. f3 Nc6 10. e4 Qd8 11. Bg5 h6 12. Bxf6 Qxf6 13. Nxf5 exf5 14. e5 Qh4+ 15. g3 Qxd4 16. exd6 Na5 17. Ne2 Nxb3 18. Nxd4 Nxd4 19. Kf2 c5 20. b4 b6 21. bxc5 bxc5 22. Rab1 Rad8 23. Rb7 Nc6 24. Bb5 Rxd6 25. Bxc6 Rxc6 26. Rxa7 c4 27. Rc1 c3 28. Rc2 Rd8 29. Ra3 Rd2+ 30. Rxd2 cxd2 31. Ke2 Rc2 32. Kd1 Rb2 33. Ra8+ Kh7 34. a4 Ra2 35. Ra6 g6 36. f4 Kg7 37. a5 g5 38. fxg5 hxg5 39. Ke2 f6 40. Ra8 Kg6 41. h3 f4 42. gxf4 gxf4 43. Rd8 Rxa5 44. Rxd2 Kg5 45. Rd8 Ra2+ 46. Kf3 Ra3+ 47. Kg2 Rg3+ 48. Kh2 Kf5 49. Ra8 Re3 50. Kg2 1/2-1/2

[Event "IECG CP.2002.P.00046 email"]
[Site "IECG email"]
[Date "2002.10.01"]
[Round "?"]
[White "De los Reyes, Juan Manuel"]
[Black "Furman, Slavomir"]
[Result "1/2-1/2"]
[WhiteElo "800"]
[BlackElo "1935"]
[PlyCount "84"]
[EventDate "2002.10.01"]
[EventType "tourn (corr)"]
[EventRounds "6"]
[EventCountry "MEX"]
[SourceTitle "Corr 2008"]
[Source "ChessBase"]
[SourceDate "2008.06.24"]
[SourceVersion "1"]
[SourceVersionDate "2008.06.24"]
[SourceQuality "1"]

1. e4 e6 2. d4 d5 3. e5 c5 4. c3 Nc6 5. Nf3 Qb6 6. a3 c4 7. Be2 Na5 8. Nbd2 Bd7 9. 0-0 Ne7 10. Ng5 h6 11. Nh3 0-0-0 12. Re1 Kb8 13. a4 Rc8 14. Nf4 Nf5 15. Nh5 Qd8 16. Bg4 Bc6 17. Bxf5 exf5 18. b4 cxb3 19. Nxb3 Bd7 20. Nxa5 Qxa5 21. Bd2 Rc4 22. Nf4 Rxa4 23. Rxa4 Qxa4 24. Nxd5 Qxd1 25. Rxd1 Be6 26. c4 Ba3 27. Ne3 Rc8 28. d5 Bd7 29. g3 Bc5 30. Rc1 b6 31. Nc2 Ba4 32. Be3 Bxc2 33. Bxc5 Bb3 34. Be7 Bxc4 35. d6 Bd5 36. Rd1 Bf3 37. Ra1 Bc6 38. f4 Kb7 39. Kf2 a5 40. Ke3 h5 41. Rd1 Bd7 42. Kd2 Ra8 1/2-1/2

[Event "IECG CP.2002.P.00046 email"]
[Site "IECG email"]
[Date "2002.10.01"]
[Round "?"]
[White "Pech, Jaroslav Sr"]
[Black "De los Reyes, Juan Manuel"]
[Result "0-1"]
[WhiteElo "2043"]
[BlackElo "800"]
[PlyCount "40"]
[EventDate "2002.10.01"]
[EventType "tourn (corr)"]
[EventRounds "6"]
[EventCountry "MEX"]
[SourceTitle "Corr 2008"]
[Source "ChessBase"]
[SourceDate "2008.06.24"]
[SourceVersion "1"]
[SourceVersionDate "2008.06.24"]
[SourceQuality "1"]

1. e4 e5 2. Nf3 Nc6 3. Bb5 a6 4. Ba4 Nf6 5. 0-0 Nxe4 6. d4 b5 7. Bb3 d5 8. dxe5 Be6 9. c3 Bc5 10. Nbd2 0-0 11. Bc2 Bf5 12. Nb3 Bb6 13. Nfd4 Bd7 14. Nxc6 Bxc6 15. Nd4 Bd7 16. f3 Nc5 17. Be3 Qe8 18. f4 f6 19. Nf3 fxe5 20. Nxe5 Be6 0-1

[Event "IECC O email"]
[Site "IECC email"]
[Date "2001.08.13"]
[Round "?"]
[White "Dyke, Barbara"]
[Black "De los Reyes, Juan Manuel"]
[Result "0-1"]
[WhiteElo "1027"]
[BlackElo "1000"]
[PlyCount "64"]
[EventDate "2001.??.??"]
[EventType "tourn (corr)"]
[EventRounds "6"]
[SourceTitle "Corr 2008"]
[Source "ChessBase"]
[SourceDate "2008.06.24"]
[SourceVersion "1"]
[SourceVersionDate "2008.06.24"]
[SourceQuality "1"]

1. e4 e5 2. Nf3 Nc6 3. Nc3 Bc5 4. Qe2 Nf6 5. d3 Ng4 6. Nd1 d6 7. g3 0-0 8. Bh3 Qf6 9. Bg5 Qg6 10. Qd2 Qh5 11. Bh4 Nxf2 12. Nxf2 Qxf3 13. g4 Bxf2+ 14. Qxf2 Qxh1+ 15. Qf1 Qxh2 16. 0-0-0 Bxg4 17. Bxg4 Qxh4 18. Bh3 Nd4 19. c3 Qf4+ 20. Kb1 Nf3 21. Qe2 Rad8 22. Bg2 Nh4 23. Bh1 f5 24. exf5 Nxf5 25. Bxb7 Ng3 26. Qg2 Qf2 27. Rg1 Qxg1+ 28. Qxg1 Rf1+ 29. Qxf1 Nxf1 30. Kc2 g5 31. a4 h5 32. Kb3 Rb8 0-1